000
00321nam a2200133Ia 4500
008
220216s9999 xx 000 0 und d
100
_a
Damodaran T K
245
0
_a
Rubber thadi vyavasayam indiayil
260
_b
Rubber (Malayalam)
_c
2009
300
_a
8-Jun
700
_a
Arunraj K N
700
_a
Babu S.
942
_c
JS
999
_c
68038
_d
68038